Ariana Grande Lyrics to Song #2 - Click Quiz - Statistics

General Stats
  • This quiz has been taken 247 times
  • The average score is 13 of 24
Answer Stats
Hint Answer % Correct
I want it, I got it 7 rings
94%
These friends keep talkin' way too much Side To Side
79%
You get high and call on the regular everytime
72%
Your Gucci tennis shoes, runnin' from your issues in my head
70%
I'd rather be dry, but at least I'm alive Rain On Me
67%
Courtney just pulled up in the driveway bye
60%
What's wrong with a little bit of poison? Tell me Hampstead
60%
All I'm tryna say is you're my everything, baby Baby I
59%
Somethin' about him is made for somebody like me the boy is mine
59%
But I'd rather make a song they can play on the radio Piano
57%
You've got more than 20/20, babe pov
56%
Ain't you ever seen a princess be a bad b*tch? Bad Decisions
54%
I love the taste of you in the morning obvious
52%
We been livin' like angels, livin' like devils Why Try
52%
When all is said and done God is a woman
51%
It's not about who you are or your fancy car Popular Song
51%
Every tear's a rain parade from hell (From hell) ghostin
50%
And if it feels right, promise I'll stay here all night Let Me Love You
46%
Our shadows dance in a parallel plane i wish i hated you
45%
'Cause you look twice as good as anyone I'd ever met Only 1
45%
I cried enough tears to see my own reflection in them My Everything
44%
Can you hold the space I require or will you turn the page, the page? warm
43%
Give you a box of chances, every time you blow it all (Blow it all) the light is coming
41%
Promise I'm still gonna love you when you wake up in the A.M. nasty
38%
No matching quizzes found
Score Distribution
Percent of People with Each Score
Percentile by Number Answered
Your Score History
You have not taken this quiz